000 00378nam a2200169Ia 4500
003 Ost
005 20260225132546.0
008 260225s9999||||xx |||||||||||||| ||und||
020 _a2130390528
040 _cfsic
041 _afre
082 _a440
100 _aJosé Fréhes
_eAuteur
245 0 _aLa télévision par cable /
245 0 _cJosé Fréhes
942 _cكتاب
999 _c33867
_d33867